|
|
|
|
| LEADER |
02213nam a2200589 a 4500 |
| 001 |
nkc20051578477 |
| 003 |
CZ PrNK |
| 005 |
20091027092613.0 |
| 007 |
ta |
| 008 |
050812s2005 xr a e p 000 0 cze |
| 015 |
|
|
|a cnb001578477
|
| 020 |
|
|
|a 80-01-03288-4
|q (brož.) :
|c Kč 176,00
|
| 035 |
|
|
|a (OCoLC)85160512
|
| 040 |
|
|
|a BOA001
|b cze
|d ABA001
|
| 072 |
|
7 |
|a 621
|x Strojírenství
|2 Konspekt
|9 19
|
| 072 |
|
7 |
|a 37.016
|x Učební osnovy. Vyučovací předměty. Učebnice
|2 Konspekt
|9 22
|
| 080 |
|
|
|a 621.7/.9
|2 MRF
|
| 080 |
|
|
|a 621:658.62
|2 MRF
|
| 080 |
|
|
|a 62-112
|2 MRF
|
| 080 |
|
|
|a 621.9
|2 MRF
|
| 080 |
|
|
|a 621.717
|2 MRF
|
| 080 |
|
|
|a (075.8)
|2 MRF
|
| 100 |
1 |
|
|a Mádl, Jan,
|d 1944-
|7 jn20001227151
|4 aut
|
| 245 |
1 |
0 |
|a Technologičnost konstrukce :
|b obrábění a montáže /
|c Jan Mádl, Antonín Zelenka, Martin Vrabec
|
| 246 |
3 |
0 |
|a Obrábění a montáže
|
| 250 |
|
|
|a Vyd. 1.
|
| 260 |
|
|
|a Praha :
|b Vydavatelství ČVUT,
|c 2005
|
| 300 |
|
|
|a 136 s. :
|b il. ;
|c 30 cm
|
| 500 |
|
|
|a 300 výt.
|
| 500 |
|
|
|a Na obálce pod názvem: ČVUT v Praze, Fakulta strojní
|
| 504 |
|
|
|a Obsahuje bibliografie
|
| 650 |
0 |
7 |
|a strojírenské technologie
|7 ph184908
|2 czenas
|
| 650 |
0 |
7 |
|a strojírenské výrobky
|7 ph116300
|2 czenas
|
| 650 |
0 |
7 |
|a strojní konstrukce
|7 ph297093
|2 czenas
|
| 650 |
0 |
7 |
|a obrábění
|7 ph123613
|2 czenas
|
| 650 |
0 |
7 |
|a montáže
|7 ph216731
|2 czenas
|
| 650 |
0 |
9 |
|a mechanical technologies
|2 eczenas
|
| 650 |
0 |
9 |
|a engineering products
|2 eczenas
|
| 650 |
0 |
9 |
|a machine structures
|2 eczenas
|
| 650 |
0 |
9 |
|a machining
|2 eczenas
|
| 650 |
0 |
9 |
|a assemblage
|2 eczenas
|
| 655 |
|
7 |
|a učebnice vysokých škol
|7 fd133772
|2 czenas
|
| 655 |
|
9 |
|a textbooks (higher)
|2 eczenas
|
| 700 |
1 |
|
|a Zelenka, Antonín,
|d 1931-
|7 jk01152362
|4 aut
|
| 700 |
1 |
|
|a Vrabec, Martin,
|d 1948-
|7 ntka174388
|4 aut
|
| 710 |
2 |
|
|a České vysoké učení technické v Praze.
|b Strojní fakulta
|7 ko20010093670
|
| 910 |
2 |
|
|a BOA001
|b 3-1155.943
|
| 990 |
|
|
|a BK
|
| 995 |
|
|
|a 01
|
| 991 |
|
|
|b 200509
|c NOV
|
| 996 |
6 |
|
|b 2610258530
|c 3-1155.943
|l MZK
|r Sklad / do 1 hodiny
|n 0
|p p.v.
|w 000785778
|u 000010
|a 1
|e BOA001
|j MZK50
|s P
|
| 996 |
7 |
|
|b 2610263098
|c 3-1155.943
|l MZK
|r Sklad / do 1 hodiny
|n 5
|p kup
|w 000785778
|u 000020
|a 1
|e BOA001
|j MZK50
|s A
|